C++ programming with COBRA / (Record no. 35222)
[ view plain ]
| 000 -LEADER | |
|---|---|
| fixed length control field | 00545nam a22001817a 4500 |
| 005 - DATE AND TIME OF LATEST TRANSACTION | |
| control field | 20240305134425.0 |
| 008 - FIXED-LENGTH DATA ELEMENTS--GENERAL INFORMATION | |
| fixed length control field | 240305b |||||||| |||| 00| 0 eng d |
| 020 ## - INTERNATIONAL STANDARD BOOK NUMBER | |
| ISBN | 9780471283065 |
| 082 ## - DEWEY DECIMAL CLASSIFICATION NUMBER | |
| Classification number | 005.133 |
| Item number | VOG-C |
| 100 ## - MAIN ENTRY--AUTHOR | |
| Author Name | Vogel, Andreas |
| 245 ## - TITLE STATEMENT | |
| Title | C++ programming with COBRA / |
| Statement of responsibility, etc. | Bhaskar Vasudevan , maira Benjamin, Ted Vilaba. |
| 260 ## - PUBLICATION, DISTRIBUTION, ETC. | |
| Place of Publication | india: |
| Name of publisher, distributor, etc. | John Wiley&Sons; |
| Date of publication, distribution, etc. | 1999. |
| 300 ## - PHYSICAL DESCRIPTION | |
| Pages | vii, 336 p. : |
| 500 ## - GENERAL NOTE | |
| General note | Include index. |
| 650 ## - SUBJECT ADDED ENTRY--TOPICAL TERM | |
| Subject / Department | computer science/programming |
| 700 ## - ADDED ENTRY--PERSONAL NAME | |
| Personal name | Bhaskar Vasudevan |
| 300 ## - PHYSICAL DESCRIPTION | |
| -- | ill, |
| -- | 23 cm. |
| 952 ## - LOCATION AND ITEM INFORMATION (KOHA) | |
| -- | 0 |
| -- | 0 |
| Lost status | Damaged status | Collection code | Permanent Location | Current Location | Shelving Location | Date acquired | Full Call Number | Accession No./Barcode | Date last seen | item type | Koha item type |
|---|---|---|---|---|---|---|---|---|---|---|---|
| CS/IT | Superior Information Resource Center (SIRC) Superior University- Gold Campus | Superior Information Resource Center (SIRC) Superior University- Gold Campus | Programming | 03/05/2024 | 005.133 VOG-C 1999 | 16807 | 09/12/2025 | BOOK | BOOK |
